[Event "European Rapid 2014"]
[Site "Wroclaw POL"]
[Date "2014.12.21"]
[Round "9.27"]
[White "Putka, Verners"]
[Black "Deviatkin, Andrei"]
[Result "0-1"]
[BlackTitle "GM"]
[WhiteElo "2345"]
[BlackElo "2528"]
[WhiteFideId "11600659"]
[BlackFideId "4121260"]
[EventDate "2014.12.20"]

1. d4 d5 2. c4 c6 3. Nf3 Nf6 4. g3 Bf5 5. Bg2 e6 6. O-O Nbd7 7. Nfd2 Qb6 8. cxd5
cxd5 9. Nc3 Be7 10. e4 dxe4 11. Ndxe4 O-O 12. Na4 Qa6 13. Nac5 Nxc5 14. Nxc5
Bxc5 15. dxc5 Be4 16. f3 Rfd8 17. Qe1 Bc6 18. Bg5 Qc4 19. Qf2 Rd5 20. Rfc1 Qd4
21. Be3 Qd3 22. Rc3 Qf5 23. g4 Qg6 24. h4 h5 25. g5 Ne8 26. Rcc1 Rad8 27. a4 Nc7
28. b4 a6 29. Bf4 e5 30. Be3 Ne6 31. Re1 Qf5 32. Qg3 Rd3 33. b5 axb5 34. axb5
Bxb5 35. Bh3 Qg6 36. Qxe5 R3d5 37. Qc3 Nd4 38. Bxd4 Rxd4 39. Rab1 Rxh4 40. f4
Rd3 41. Qe5 Rhxh3 42. Rxb5 Rdg3+ 43. Kf2 Rf3+ 44. Kg2 Kh7 45. Rxb7 Rfg3+ 46. Kf2
Qc2+ 47. Re2 Rh2+ 48. Kxg3 Rxe2 49. g6+ Qxg6+ 50. Qg5 Qd3+ 0-1

[Event "European Rapid 2014"]
[Site "Wroclaw POL"]
[Date "2014.12.21"]
[Round "9.28"]
[White "Kempinski, Robert"]
[Black "Bodnaruk, Anastasia"]
[Result "1/2-1/2"]
[WhiteTitle "GM"]
[BlackTitle "IM"]
[WhiteElo "2626"]
[BlackElo "2416"]
[WhiteFideId "1105663"]
[BlackFideId "4181751"]
[EventDate "2014.12.20"]

1. d4 d6 2. Nf3 f5 3. c4 Nf6 4. e3 g6 5. b4 a5 6. b5 a4 7. Be2 c6 8. O-O Bg7 9.
Nc3 O-O 10. bxc6 bxc6 11. Nxa4 Qa5 12. Nb2 Ne4 13. Qc2 c5 14. Nd3 Qc3 15. Qxc3
Nxc3 16. Re1 Nxe2+ 17. Rxe2 Ba6 18. Rc2 cxd4 19. exd4 Rc8 20. Nb2 Nc6 21. Be3 e5
22. dxe5 dxe5 23. Bb6 e4 24. Ne1 Nb4 25. Rd2 Bc3 26. Be3 Bxd2 27. Bxd2 Rab8 28.
Bf4 Rb7 29. a3 Nc6 30. Nd1 Nd4 31. Be5 Rxc4 32. g4 Kf7 33. gxf5 gxf5 34. Ne3
Ne2+ 35. Kh1 Rc1 36. Rxc1 Nxc1 37. Kg2 Ke6 38. f4 Nd3 39. N1c2 Nxe5 40. Nd4+ Kf6
41. Nd5+ Kg6 42. fxe5 Rd7 43. Nf4+ Kg5 44. Kg3 h5 45. h4+ Kh6 46. Nxf5+ Kh7 47.
e6 Rd2 48. e7 Bb5 49. Nxh5 Kg6 50. Nhg7 e3 51. h5+ Kg5 52. Nd4 Ba4 53. Nf3+ Kf6
54. e8=Q Bxe8 55. Nxe8+ Kf7 56. Nc7 Rd1 57. Ne5+ Kg7 58. Kf3 Kh6 59. Kxe3 Kxh5
60. Ne6 Ra1 61. Nc4 Kg6 62. Nd4 Kf6 63. Kd3 Kg5 64. Nc2 Rxa3+ 1/2-1/2

[Event "European Rapid 2014"]
[Site "Wroclaw POL"]
[Date "2014.12.21"]
[Round "9.29"]
[White "Neiksans, Arturs"]
[Black "Dobrowolski, Piotr"]
[Result "1-0"]
[WhiteTitle "GM"]
[BlackTitle "IM"]
[WhiteElo "2559"]
[BlackElo "2434"]
[WhiteFideId "11601388"]
[BlackFideId "1106236"]
[EventDate "2014.12.20"]

1. e4 e6 2. d4 d5 3. Nd2 a6 4. Bd3 c5 5. dxc5 Bxc5 6. exd5 exd5 7. Ngf3 Nf6 8.
Qe2+ Be7 9. Nb3 O-O 10. h3 Nc6 11. O-O Re8 12. Bf4 Ba3 13. Qd2 Bxb2 14. Rab1 Ba3
15. Bg5 Qd6 16. Bf4 Qf8 17. c3 Ne4 18. Qc2 Bd6 19. Be3 Bd7 20. Nbd2 b5 21. Nxe4
dxe4 22. Bxe4 h6 23. Rfd1 Qe7 24. Bd5 Qf6 25. Qd2 Rac8 26. Bb3 Bf5 27. Ra1 Red8
28. Nd4 Be4 29. f3 Bg6 30. Bd5 Bh2+ 31. Kxh2 Rxd5 32. Qf2 Re8 33. Nxc6 Qxc6 34.
Bd4 Red8 35. a3 a5 36. Rdc1 b4 37. axb4 axb4 38. Qb2 f6 39. Qxb4 Rb5 40. Qa3
Rdb8 41. Qa6 Qc7+ 42. Kg1 Rb2 43. Qe6+ Kh7 44. Qg4 h5 45. Qh4 Re2 46. Re1 Rxe1+
47. Rxe1 Rb2 48. Kh1 Qf7 49. Qg3 Rb1 50. Rxb1 Bxb1 51. Qd6 Ba2 52. Kh2 Qd5 53.
Qc7 Qf7 54. Qa5 Qd5 55. Qa7 Qf7 56. Qb8 Qg8 57. Qf4 Qd5 58. Qe3 Qe6 59. Qd3+ Kg8
60. Bf2 Qd5 61. Qa6 Bc4 62. Qc8+ Kh7 63. Bd4 Qd6+ 64. Kg1 Qe6 65. Qc7 Qf7 66.
Qc6 Qe6 67. Qc5 Qd5 68. Qa3 Qe6 69. Qc1 Qd5 70. Kf2 Qe6 71. Qd2 Qd5 72. g4 hxg4
73. hxg4 Qa8 74. Qc2+ Kg8 75. Qf5 Qd5 76. Qf4 Bb3 77. Qe3 Bc4 78. Kg3 Qd6+ 79.
Kg2 Qd5 80. Qf4 Bb3 81. Kf2 Bc4 82. Qc7 Bb3 83. g5 Qf7 84. Qb8+ Kh7 85. Qh2+ Kg6
86. gxf6 gxf6 87. Qg3+ Kh7 88. Qh4+ Kg6 89. Qg4+ Kh6 90. Qf5 Be6 91. Qxf6+ Qxf6
92. Bxf6 Kg6 93. Bd8 Kf5 94. Ke3 Bd5 95. Bc7 Ke6 96. f4 Ba2 97. Kd4 Bb1 98. Kc5
Kd7 99. Be5 Be4 100. c4 Bc2 101. Kb6 Bd3 102. c5 Be4 103. Bc3 Bf5 104. c6+ Kc8
105. Kc5 Be4 106. Kd6 Kd8 107. c7+ Kc8 108. Be5 Bf5 109. Ke7 Bc2 110. Kf6 Kd7
111. f5 Bd3 112. Kg5 1-0

[Event "European Rapid 2014"]
[Site "Wroclaw POL"]
[Date "2014.12.21"]
[Round "9.30"]
[White "Chigaev, Maksim"]
[Black "Weichhold, Pawel"]
[Result "1-0"]
[WhiteTitle "IM"]
[BlackTitle "IM"]
[WhiteElo "2494"]
[BlackElo "2405"]
[WhiteFideId "4108116"]
[BlackFideId "1139703"]
[EventDate "2014.12.20"]

1. e4 c5 2. Nf3 Nc6 3. Bb5 Na5 4. c3 a6 5. Ba4 b5 6. Bc2 g6 7. O-O Bg7 8. Re1
Nf6 9. d4 cxd4 10. cxd4 O-O 11. Nbd2 d6 12. b3 Bb7 13. Bb2 Rc8 14. Rc1 Bh6 15.
d5 Re8 16. Bd3 Rxc1 17. Qxc1 e6 18. b4 Nc4 19. Bxc4 bxc4 20. dxe6 Rxe6 21. Qxc4
d5 22. Qd4 Qe7 23. e5 Bg7 24. exf6 Rxe1+ 25. Nf1 Qe2 26. Nxe1 1-0

[Event "European Rapid 2014"]
[Site "Wroclaw POL"]
[Date "2014.12.21"]
[Round "9.31"]
[White "Plat, Vojtech"]
[Black "Zawadzka, Jolanta"]
[Result "1-0"]
[WhiteTitle "IM"]
[BlackTitle "WGM"]
[WhiteElo "2432"]
[BlackElo "2419"]
[WhiteFideId "325740"]
[BlackFideId "1122320"]
[EventDate "2014.12.20"]

1. e4 e5 2. Nf3 Nc6 3. Bb5 a6 4. Ba4 Nf6 5. d4 exd4 6. O-O Be7 7. Re1 O-O 8. e5
Nd5 9. Bb3 Nb6 10. Nxd4 Nxd4 11. Qxd4 d5 12. exd6 Qxd6 13. Qe3 Bf6 14. Nc3 Bd4
15. Qf3 Qg6 16. Re7 Bd7 17. Bf4 c5 18. Rxd7 Nxd7 19. Qxb7 Nf6 20. Ne2 Nh5 21. c3
Rae8 22. cxd4 Rxe2 23. Be3 cxd4 24. Bxd4 Rfe8 25. Be3 h6 26. Bc4 Rc2 27. Bxa6
Qf6 28. Bf1 Rxb2 29. Qd7 Rxe3 30. fxe3 Qf2+ 31. Kh1 Rxa2 32. Rd1 Qh4 33. Qe8+
Kh7 34. Bd3+ g6 35. Qxf7+ Ng7 36. Bxg6+ 1-0

[Event "European Rapid 2014"]
[Site "Wroclaw POL"]
[Date "2014.12.21"]
[Round "9.32"]
[White "Raetsky, Alexander"]
[Black "Krasenkow, Michal"]
[Result "1/2-1/2"]
[WhiteTitle "GM"]
[BlackTitle "GM"]
[WhiteElo "2423"]
[BlackElo "2614"]
[WhiteFideId "4103203"]
[BlackFideId "1113100"]
[EventDate "2014.12.20"]

1. e4 g6 2. d4 Bg7 3. Nc3 c6 4. Nf3 d6 5. Be2 Nf6 6. O-O O-O 7. a4 a5 8. Bf4 Na6
9. h3 Nb4 10. Re1 Nd7 11. Bc4 e5 12. dxe5 dxe5 13. Bg5 Qe8 14. Nb1 Nb6 15. Bb3
Be6 16. Nbd2 c5 17. Be3 Rc8 18. Bxe6 Qxe6 19. Nb3 Rfd8 20. Qe2 Nd3 21. Ng5 Qc4
22. Nxa5 Qb4 23. Bd2 Nf4 24. Bxb4 Nxe2+ 25. Rxe2 cxb4 26. Nxb7 Rd7 27. a5 Rxb7
28. axb6 Rxb6 29. Ra7 h6 30. Nf3 Rbc6 31. Rb7 Rxc2 32. Rxc2 Rxc2 33. Rxb4 Bf8
34. Rb5 Bc5 35. Nxe5 Bxf2+ 36. Kf1 1/2-1/2

[Event "European Rapid 2014"]
[Site "Wroclaw POL"]
[Date "2014.12.21"]
[Round "9.33"]
[White "Belous, Vladimir"]
[Black "Krzyzanowski, Marcin"]
[Result "0-1"]
[WhiteTitle "GM"]
[BlackTitle "IM"]
[WhiteElo "2578"]
[BlackElo "2400"]
[WhiteFideId "4174003"]
[BlackFideId "1132199"]
[EventDate "2014.12.20"]

1. d4 Nf6 2. Nf3 g6 3. c4 Bg7 4. Nc3 O-O 5. e4 d6 6. h3 c5 7. d5 e6 8. Bd3 Re8
9. O-O e5 10. Bg5 h6 11. Be3 Nh5 12. Qd2 Kh7 13. Nh2 Qh4 14. Ne2 f5 15. exf5
Bxf5 16. Bxf5 gxf5 17. Qc2 e4 18. f4 Ng3 19. Nxg3 Qxg3 20. Qf2 Qxf2+ 21. Rxf2
Nd7 22. Rb1 b5 23. cxb5 Rab8 24. b3 Rxb5 25. Rc1 a5 26. g4 Nb6 27. Rd2 a4 28.
bxa4 Nxa4 29. gxf5 h5 30. Nf1 Nb2 31. Rb1 Reb8 32. Rg2 Nc4 33. Rxb5 Rxb5 34. Re2
Nb6 35. Bf2 Nxd5 36. Rxe4 Rb4 37. Rxb4 cxb4 38. Be1 Nc3 39. Nd2 Nxa2 40. Nb3 Bc3
41. Bh4 Kg7 42. Kf2 Bf6 43. Bg3 Bb2 44. Ke3 Kf6 45. Bh4+ Kxf5 46. Be1 Nc1 47.
Na5 Bc3 48. Bxc3 bxc3 49. Nc4 c2 50. Nxd6+ Ke6 51. Kd2 Ne2 52. Kxc2 Kxd6 53. Kd3
Ng3 54. Ke3 Kd5 55. f5 Ke5 56. f6 Nf5+ 57. Kf3 Kxf6 58. Kf4 Nd6 59. Kg3 Kg5 60.
Kf3 Kh4 61. Kg2 Ne4 62. Kh2 Ng5 63. Kg2 Nxh3 0-1

[Event "European Rapid 2014"]
[Site "Wroclaw POL"]
[Date "2014.12.21"]
[Round "9.34"]
[White "Butkiewicz, Lukasz"]
[Black "Aleksandrov, Aleksej"]
[Result "1/2-1/2"]
[WhiteTitle "IM"]
[BlackTitle "GM"]
[WhiteElo "2422"]
[BlackElo "2593"]
[WhiteFideId "1122428"]
[BlackFideId "13500139"]
[EventDate "2014.12.20"]

1. e4 e5 2. Nf3 Nc6 3. d4 exd4 4. Nxd4 Bc5 5. Be3 Qf6 6. c3 Nge7 7. g3 h5 8. Be2
d5 9. Nb5 Bxe3 10. fxe3 Qe5 11. exd5 a6 12. dxc6 axb5 13. Qd4 Nxc6 14. Qxe5+
Nxe5 15. Bxb5+ c6 16. Be2 h4 17. gxh4 Rxh4 18. Nd2 Be6 19. Nf3 Nxf3+ 20. Bxf3
Rxa2 21. Rxa2 Bxa2 22. Kf2 Be6 23. e4 Kd7 24. Kg2 Rh8 25. Rd1+ Kc7 26. Kg3 Rh3+
27. Kg2 g5 28. Rd2 b5 29. Bd1 c5 30. Bb3 Re3 31. Bd5 b4 32. cxb4 cxb4 33. Kf2
Rh3 34. Kg2 g4 35. Rd4 b3 36. Bxe6 fxe6 37. e5 Re3 38. Rxg4 Re2+ 39. Kg3 Rxb2
40. Rb4 Kc6 41. h4 Kc5 42. Rb8 Rb1 43. Kg2 Rb2+ 44. Kg3 Rb1 45. Kg2 Kc4 46. h5
Rd1 47. h6 Rd7 48. Rb6 Rh7 49. Rxe6 b2 50. Rb6 Kc3 51. Rc6+ Kd2 52. Rd6+ Kc2 53.
Rc6+ Kb1 54. Rb6 Kc2 55. Rc6+ Kd2 56. Rd6+ Kc3 57. Rc6+ Kd4 58. Rb6 Kc3 59. Rc6+
Kb3 60. Rb6+ Ka2 61. Ra6+ Kb1 62. Rb6 1/2-1/2

[Event "European Rapid 2014"]
[Site "Wroclaw POL"]
[Date "2014.12.21"]
[Round "9.35"]
[White "Maier, Christian"]
[Black "Heberla, Bartlomiej"]
[Result "0-1"]
[WhiteTitle "IM"]
[BlackTitle "GM"]
[WhiteElo "2379"]
[BlackElo "2561"]
[WhiteFideId "4601955"]
[BlackFideId "1115120"]
[EventDate "2014.12.20"]

1. e4 c5 2. Nf3 e6 3. b4 b6 4. bxc5 bxc5 5. Nc3 Nc6 6. Rb1 Nf6 7. Bb5 Bb7 8. O-O
Qc7 9. Re1 Nd4 10. h3 Bd6 11. Bf1 Nxf3+ 12. Qxf3 Bh2+ 13. Kh1 Be5 14. Nb5 Qc6
15. c3 Nxe4 16. d4 Bb8 17. c4 cxd4 18. Nxd4 Qc7 19. Rxb7 Qh2# 0-1

[Event "European Rapid 2014"]
[Site "Wroclaw POL"]
[Date "2014.12.21"]
[Round "9.36"]
[White "Piorun, Kacper"]
[Black "Schwarz, Dusan"]
[Result "1-0"]
[WhiteTitle "GM"]
[WhiteElo "2517"]
[BlackElo "2342"]
[WhiteFideId "1130420"]
[BlackFideId "14903890"]
[EventDate "2014.12.20"]

1. e4 c5 2. Nf3 Nc6 3. Bb5 d6 4. O-O Bd7 5. Re1 Nf6 6. h3 a6 7. Bf1 e5 8. c3 g5
9. d4 g4 10. hxg4 Bxg4 11. dxc5 dxc5 12. Qxd8+ Rxd8 13. Nbd2 Rg8 14. Be2 Bh6 15.
Nc4 Bxc1 16. Raxc1 Nh5 17. Ne3 Bxf3 18. Bxf3 Nf4 19. Rc2 Rd3 20. Kf1 Rg6 21. g3
Ne6 22. Bh5 Rg5 23. Nd5 Kf8 24. Be2 c4 25. Bxd3 cxd3 26. Rd2 Rh5 27. Rxd3 Nc5
28. Rde3 a5 29. Kg2 Rg5 30. b3 Rg6 31. Rb1 Kg7 32. a3 Rd6 33. f3 Rd8 34. b4 axb4
35. axb4 Ne6 36. Ra1 f5 37. exf5 Rxd5 38. fxe6 Kf6 39. Rh1 Rd2+ 40. Kh3 Kxe6 41.
Kg4 Ne7 42. Rh6+ Kd5 1-0

[Event "European Rapid 2014"]
[Site "Wroclaw POL"]
[Date "2014.12.21"]
[Round "9.37"]
[White "Kashlinskaya, Alina"]
[Black "Tomczak, Jacek"]
[Result "0-1"]
[WhiteTitle "IM"]
[BlackTitle "GM"]
[WhiteElo "2439"]
[BlackElo "2561"]
[WhiteFideId "4198026"]
[BlackFideId "1124668"]
[EventDate "2014.12.20"]

1. d4 Nf6 2. c4 g6 3. Nf3 Bg7 4. g3 d5 5. cxd5 Nxd5 6. Bg2 O-O 7. O-O c5 8. e4
Nf6 9. e5 Nd5 10. dxc5 Na6 11. a3 Nxc5 12. b4 Ne6 13. Qb3 Nb6 14. Bb2 Qd5 15.
Qxd5 Nxd5 16. Nbd2 Bd7 17. Ng5 Nxg5 18. Bxd5 Rad8 19. Nf3 Bb5 20. Nxg5 Rxd5 21.
Rfd1 Rfd8 22. Rxd5 Rxd5 23. a4 Bd7 24. f4 Rd2 25. Bc3 Rd3 26. Be1 f6 27. Ne4
fxe5 28. Nc5 exf4 29. Rc1 Bd4+ 30. Bf2 Bxf2+ 31. Kxf2 fxg3+ 32. hxg3 Rd5 33.
Nxb7 Bxa4 34. Ra1 Bc6 35. Nc5 Rd2+ 36. Ke1 Rd4 37. Rxa7 Kf7 38. Rc7 Bb5 39. Rb7
Rxb4 40. Kd2 h5 41. Nd3 Rb1 42. Nc5 Rb4 43. Nd3 Rb3 44. Nc5 Rb1 45. Kc2 Rb4 46.
Kd2 g5 47. Nd3 Rb1 48. Nc5 g4 49. Ne4 Bd3 50. Nd6+ Ke6 51. Kxd3 Rd1+ 52. Ke4
exd6 53. Rh7 Re1+ 54. Kd4 Re5 55. Rh6+ Kd7 56. Rh7+ Kc6 57. Rh6 Rf5 58. Ke4 Rf3
59. Rxh5 Rxg3 60. Kf4 Rg1 61. Ke3 d5 62. Rg5 Kc5 63. Kf2 Rc1 64. Rxg4 Rc4 65.
Rg3 Re4 66. Rc3+ Kb4 67. Rc8 d4 68. Kf3 Re7 69. Kf2 d3 70. Rd8 Kc3 71. Rc8+ Kd2
72. Rd8 Kc2 73. Rc8+ Kd1 74. Rd8 d2 75. Rd6 Re5 76. Rd8 Kc2 77. Rc8+ Kd1 78. Rd8
Re7 79. Rd6 Rf7+ 80. Kg2 Rf5 81. Rd8 Ke2 0-1

[Event "European Rapid 2014"]
[Site "Wroclaw POL"]
[Date "2014.12.21"]
[Round "9.38"]
[White "Boe, Mads"]
[Black "Sivuk, Vitaly"]
[Result "0-1"]
[WhiteTitle "FM"]
[BlackTitle "IM"]
[WhiteElo "2351"]
[BlackElo "2501"]
[WhiteFideId "1401408"]
[BlackFideId "14116502"]
[EventDate "2014.12.20"]

1. e4 Nf6 2. d3 d5 3. Nd2 e5 4. Ngf3 Nc6 5. Be2 Bc5 6. O-O O-O 7. c3 a5 8. Qc2
Re8 9. b3 b6 10. a3 Bb7 11. Bb2 Bd6 12. b4 Ne7 13. Rfe1 Ng6 14. Bf1 c5 15. exd5
Nxd5 16. bxc5 Bxc5 17. d4 exd4 18. cxd4 Be7 19. Ne5 Rc8 20. Qf5 Nxe5 21. dxe5 g6
22. Qe4 Bf8 23. Rac1 Rxc1 24. Bxc1 Qa8 25. Bb2 Bg7 26. Nc4 Re6 27. Nd6 Bc6 28.
Ba1 Nc7 29. Qc2 Re7 30. Qb3 b5 31. Rc1 a4 32. Qb4 Na6 33. Qc3 Nb8 34. Qc5 Re6
35. Nxb5 Bf8 36. Qd4 Qb7 37. Nd6 Qe7 38. Bc4 Qg5 0-1

[Event "European Rapid 2014"]
[Site "Wroclaw POL"]
[Date "2014.12.21"]
[Round "9.39"]
[White "Dmochowska, Agnieszka"]
[Black "Stocek, Jiri"]
[Result "0-1"]
[WhiteTitle "WCM"]
[BlackTitle "GM"]
[WhiteElo "1916"]
[BlackElo "2554"]
[WhiteFideId "1142984"]
[BlackFideId "304760"]
[EventDate "2014.12.20"]

1. e4 e5 2. Nf3 Nc6 3. Bb5 Nge7 4. O-O a6 5. Ba4 g6 6. c3 Bg7 7. d4 exd4 8. cxd4
b5 9. Bb3 O-O 10. Re1 d6 11. h3 Na5 12. Bg5 h6 13. Bf4 Nxb3 14. Qxb3 g5 15. Bg3
Kh8 16. e5 Nf5 17. Nc3 Nxg3 18. fxg3 dxe5 19. dxe5 Be6 20. Qc2 Qe7 21. Rad1 Qc5+
22. Qf2 Qxf2+ 23. Kxf2 Rfd8 24. b3 Bf8 25. Ne4 Bb4 26. Rxd8+ Rxd8 27. Rc1 Ba5
28. Ke2 Bb6 29. Nc5 Bc8 30. b4 a5 31. a3 Kg7 32. Nb3 axb4 33. axb4 Be6 34. Nbd2
Kg6 35. Rc3 h5 36. Rd3 Ra8 37. Nd4 Bd5 38. Nxb5 Bxg2 39. g4 Ra4 40. Nc3 Rxb4 41.
gxh5+ Kxh5 42. Nd5 Rd4 43. Nf6+ Kg6 44. Rc3 Ba5 45. Rc2 Rxd2+ 46. Rxd2 Bxd2 47.
Kxd2 Kf5 48. Ne8 c5 49. Nd6+ Ke6 50. Ke3 Bd5 51. Nb5 Kxe5 52. Nc3 Bg2 0-1

[Event "European Rapid 2014"]
[Site "Wroclaw POL"]
[Date "2014.12.21"]
[Round "9.40"]
[White "Stopa, Jacek"]
[Black "Borkowski, Franciszek"]
[Result "1-0"]
[WhiteTitle "IM"]
[BlackTitle "IM"]
[WhiteElo "2521"]
[BlackElo "2322"]
[WhiteFideId "1119591"]
[BlackFideId "1100173"]
[EventDate "2014.12.20"]

1. d4 d5 2. c4 c6 3. Nc3 Nf6 4. Nf3 e6 5. Qd3 Nbd7 6. g3 Bd6 7. Bg2 O-O 8. O-O
dxc4 9. Qxc4 e5 10. Rd1 exd4 11. Nxd4 Nb6 12. Qb3 Qe7 13. Bg5 Be5 14. Nf3 h6 15.
Be3 Be6 16. Qc2 Bc7 17. Nd4 Nc4 18. Bc1 Bg4 19. h3 Bd7 20. b3 Nb6 21. e4 Rfd8
22. Bb2 Rac8 23. a4 c5 24. Ndb5 Bb8 25. Nd5 Nfxd5 26. exd5 a6 27. Na3 Bd6 28. a5
Na8 29. Nc4 Bb5 30. Re1 Qf8 31. Re4 Bd7 32. Rh4 Re8 33. Be4 f6 34. Bg6 Red8 35.
Re1 Nc7 36. Nb6 Rb8 37. Bh7+ Kh8 38. Bf5 Be8 39. Bg6 Na8 40. Nc4 Nc7 41. Rd1 Nb5
42. Bxe8 Qxe8 43. Bxf6 gxf6 44. Rxh6+ 1-0

[Event "European Rapid 2014"]
[Site "Wroclaw POL"]
[Date "2014.12.21"]
[Round "9.41"]
[White "Salgado Lopez, Ivan"]
[Black "Chomczyk, Marek"]
[Result "1-0"]
[WhiteTitle "GM"]
[WhiteElo "2622"]
[BlackElo "2057"]
[WhiteFideId "2257327"]
[BlackFideId "1125826"]
[EventDate "2014.12.20"]

1. e4 e5 2. Nf3 Nc6 3. Bb5 Nf6 4. O-O Nxe4 5. d4 Nd6 6. Bxc6 dxc6 7. dxe5 Nf5 8.
Qxd8+ Kxd8 9. Nc3 Ke8 10. h3 h5 11. Bf4 b6 12. a3 Be7 13. Rad1 Be6 14. g3 Rd8
15. Kg2 Rd7 16. Rxd7 Kxd7 17. Rd1+ Kc8 18. Ng5 Bxg5 19. Bxg5 Kb7 20. g4 hxg4 21.
hxg4 Nh6 22. f3 c5 23. Nd5 Kc6 24. Ne7+ Kb5 25. Kg3 a5 26. Bxh6 gxh6 27. f4 Re8
28. Nd5 Kc6 29. Nf6 Rh8 30. f5 Bc8 31. Kf4 c4 32. c3 b5 33. Rd4 Kc5 34. Rd5+ Kc6
35. a4 bxa4 36. Rxa5 Rd8 37. Rxa4 Kb5 38. Rb4+ Kc5 39. Rb8 Rh8 40. Ne4+ Kc6 41.
Nf6 Kc5 42. Ra8 Rd8 43. Ne4+ Kb6 44. Ra4 Rd1 45. Rxc4 h5 46. Rb4+ Kc6 47. Rb8
Bd7 48. b4 hxg4 49. b5+ Kd5 50. Nf6+ Kc4 51. Nxd7 Rxd7 52. Kxg4 Kxc3 53. Kg5 Kd4
54. Kf6 Rd5 55. e6 fxe6 56. fxe6 Ke4 57. e7 Rf5+ 58. Kg6 Kd5 1-0

[Event "European Rapid 2014"]
[Site "Wroclaw POL"]
[Date "2014.12.21"]
[Round "9.42"]
[White "Janocha, Wieslaw"]
[Black "Edouard, Romain"]
[Result "0-1"]
[WhiteTitle "FM"]
[BlackTitle "GM"]
[WhiteElo "2269"]
[BlackElo "2659"]
[WhiteFideId "1100548"]
[BlackFideId "633429"]
[EventDate "2014.12.20"]

1. e4 c5 2. Nf3 e6 3. d4 cxd4 4. Nxd4 Nc6 5. Nb5 d6 6. c4 Nf6 7. N1c3 a6 8. Na3
Qa5 9. Bd3 Ne5 10. O-O d5 11. f4 Nxd3 12. Qxd3 Bxa3 13. bxa3 Qc5+ 14. Be3 Qxc4
15. Qxc4 dxc4 16. Bc5 Bd7 17. e5 Nd5 18. Ne4 b6 19. Nd6+ Kf8 20. Bd4 b5 21. Rad1
g6 22. f5 gxf5 23. Nxf5 exf5 24. Bc5+ Kg7 25. Rxd5 Be6 26. Rdd1 Rhd8 27. Be7 Rd3
28. Rxd3 cxd3 29. Rf3 f4 30. Rxd3 Kg6 31. Kf2 Rc8 32. Kf3 Kf5 33. Bd6 Bxa2 34.
g4+ fxg3 35. hxg3 h5 36. Ke3 Be6 37. Kf3 Rc4 38. Bb8 a5 39. Bd6 b4 40. axb4 axb4
41. Ke3 b3 42. Rd2 Kg4 43. Rb2 Ra4 0-1

[Event "European Rapid 2014"]
[Site "Wroclaw POL"]
[Date "2014.12.21"]
[Round "9.43"]
[White "Miton, Kamil"]
[Black "Hoepfl, Thomas"]
[Result "1/2-1/2"]
[WhiteTitle "GM"]
[BlackTitle "FM"]
[WhiteElo "2601"]
[BlackElo "2296"]
[WhiteFideId "1111914"]
[BlackFideId "4615182"]
[EventDate "2014.12.20"]

1. d4 Nf6 2. c4 e6 3. g3 d5 4. Bg2 dxc4 5. Nf3 c5 6. O-O Nc6 7. dxc5 Qxd1 8.
Rxd1 Bxc5 9. Nbd2 c3 10. bxc3 O-O 11. Nb3 Be7 12. Nfd4 Nxd4 13. cxd4 Nd5 14. Bb2
Bd7 15. Nc5 Bc6 16. Rac1 Rfd8 17. e3 Rac8 18. Bf1 b6 19. Nd3 Ba4 20. Re1 Nb4 21.
Nxb4 Bxb4 22. Ba6 Bxe1 23. Bxc8 Bb4 24. Ba6 Bd6 25. e4 Kf8 26. f4 Ke8 27. Kf2 g6
28. Ke3 Bd7 29. e5 Be7 30. g4 Ra8 31. Rc3 b5 32. f5 b4 33. Rc4 Rb8 34. Rc7 b3
35. a3 Ra8 36. Bc4 Rb8 37. Rxa7 Rc8 38. Kd3 exf5 39. d5 fxg4 40. e6 fxe6 41.
dxe6 Bc6 42. Bxb3 Rb8 43. Kc4 Rc8 44. Kd3 Rb8 45. Kc4 Rc8 46. Be5 Ba4+ 47. Rc7
Bxb3+ 48. Kxb3 Rxc7 49. Bxc7 Bxa3 50. Kxa3 Ke7 51. Kb3 Kxe6 52. Kc3 Kf5 53. Kd3
h5 54. Ke3 h4 55. Bb8 g5 56. Bc7 g3 57. hxg3 hxg3 58. Bxg3 1/2-1/2

[Event "European Rapid 2014"]
[Site "Wroclaw POL"]
[Date "2014.12.21"]
[Round "9.44"]
[White "Mista, Aleksander"]
[Black "Boricsev, Oleg"]
[Result "1-0"]
[WhiteTitle "GM"]
[BlackTitle "IM"]
[WhiteElo "2614"]
[BlackElo "2365"]
[WhiteFideId "1110381"]
[BlackFideId "720500"]
[EventDate "2014.12.20"]

1. e4 d5 2. exd5 Qxd5 3. Nc3 Qd6 4. d4 Nf6 5. Nf3 c6 6. g3 Bg4 7. Bg2 e6 8. O-O
Qc7 9. h3 Bh5 10. Re1 Nbd7 11. d5 cxd5 12. Nxd5 Nxd5 13. Qxd5 Nf6 14. Qb3 Bc5
15. Qb5+ Ke7 16. b4 Bxf3 17. Qxc5+ Qxc5 18. bxc5 Bxg2 19. Kxg2 Rhd8 20. Rb1 Rd7
21. Re3 Rc8 22. Reb3 b6 23. cxb6 axb6 24. Rxb6 Rxc2 25. Ba3+ Ke8 26. Rb8+ Rd8
27. Rxd8+ Kxd8 28. Rb2 Rxb2 29. Bxb2 Ne8 30. g4 Kd7 31. Kf3 Kc6 32. Ke4 Nd6+ 33.
Kd3 f6 34. Ba3 Nf7 35. Ke3 e5 36. h4 Kd5 37. Bf8 g6 38. a4 Nd8 39. Be7 Nf7 40.
Bxf6 Ke6 41. Bg7 h5 42. a5 Nd6 43. a6 hxg4 44. a7 Nc4+ 45. Ke4 Nb6 46. Bxe5 Na8
47. Bc3 g3 48. fxg3 Kf7 49. g4 1-0

[Event "European Rapid 2014"]
[Site "Wroclaw POL"]
[Date "2014.12.21"]
[Round "9.45"]
[White "Grigoriants, Sergey"]
[Black "Dragicevic, Drazen"]
[Result "1-0"]
[WhiteTitle "GM"]
[BlackTitle "FM"]
[WhiteElo "2570"]
[BlackElo "2289"]
[WhiteFideId "4130804"]
[BlackFideId "1707922"]
[EventDate "2014.12.20"]

1. e4 c5 2. Nf3 Nc6 3. Nc3 Nf6 4. Bb5 g5 5. e5 g4 6. Bxc6 dxc6 7. exf6 gxf3 8.
Qxf3 exf6 9. d3 Be7 10. O-O Be6 11. Bf4 Qd7 12. Bg3 h5 13. h4 Rg8 14. Rfe1 Rg4
15. Re4 Rg6 16. Rae1 f5 17. R4e2 Rg4 18. Nd1 O-O-O 19. Ne3 Rd4 20. Nxf5 Rg4 21.
Re4 Rdg8 22. Rxg4 Rxg4 23. Nxe7+ Qxe7 24. Qe3 b6 25. Qe5 Kb7 26. Qxh5 Qd7 27.
Qe5 Qd5 28. b3 Qd4 29. h5 Qd5 30. h6 Bf5 31. Qxd5 cxd5 32. Re7+ Kc6 33. Rxf7 1-0

[Event "European Rapid 2014"]
[Site "Wroclaw POL"]
[Date "2014.12.21"]
[Round "9.46"]
[White "Pultinevicius, Paulius"]
[Black "Kulaots, Kaido"]
[Result "0-1"]
[BlackTitle "GM"]
[WhiteElo "2093"]
[BlackElo "2563"]
[WhiteFideId "12809390"]
[BlackFideId "4500261"]
[EventDate "2014.12.20"]

1. e4 c5 2. Nc3 a6 3. g3 b5 4. Bg2 Bb7 5. d3 e6 6. Nh3 b4 7. Ne2 Nf6 8. O-O Be7
9. f4 O-O 10. Nf2 d5 11. Be3 Nc6 12. g4 a5 13. Ng3 a4 14. g5 Ne8 15. Qh5 Nd4 16.
Bxd4 cxd4 17. e5 Rc8 18. Rac1 b3 19. cxb3 Rxc1 20. Rxc1 axb3 21. axb3 Qa5 22.
Rd1 Qb4 23. Ng4 Qxb3 24. Rf1 Qxd3 25. f5 g6 26. Qh3 Bxg5 27. fxe6 fxe6 28. Nh6+
Bxh6 29. Qxe6+ Kh8 30. Rxf8+ Bxf8 31. Qxe8 Qe3+ 32. Kh1 Qf4 33. Qb5 Bc8 34. Qxd5
Ba6 35. Qd8 Kg7 36. Qd7+ Kh8 37. Qd8 d3 38. Qf6+ Qxf6 39. exf6 d2 40. Bf3 Bb7 0-1